Responses for Show #4259 - Thursday, February 20, 2003

Travis Troyer game 3.

Contestants

[<< previous game]

Robin Gardner, a project coordinator from Manassas, Virginia

Katie Stillgebauer, an administrative assistant from Auburn, Washington

Travis Troyer, a software engineer from Hereford, Maryland (whose 2-day cash winnings total $24,800)

[next game >>]

Jeopardy! Round responses

"W"HERE'S THAT?
PUBLICATIONS
WHICH DOCTOR...
MARLON BRANDO MOVIES
KITCHEN DUTY
SAY IT IN...
    $200 14
Waikiki Beach

Travis
    $200 13
Oprah Winfrey

Travis
    $200 8
anesthesiologist

Katie
    $200 26
The Godfather

Travis
    $200 2
cook

Travis
    $200 1
(Katie: What is speak Japanese?)

understand

KatieRobin
    $400 15
Winston-Salem

Katie
    $400 22
(Alex: You picked the right one!)

Montreal

Katie
    $400 9
radiologist

Katie
    $400 27
A Streetcar Named Desire

Triple Stumper
    $400 4
(Robin: Who is...[time]?)

Wolfgang Puck

TravisRobin
    $400 3
(Katie: What is welcome?)

thank you

KatieRobin
    $600 18
Watergate

Katie
    $600 23
the Village Voice

Triple Stumper
    $600 10
podiatrist

Travis
    $600 28
[The end-of-round signal sounds.]
(Alex: And yes, I know I can't do Marlon Brando!)

On the Waterfront

Triple Stumper
    $600 16
"If you can't stand the heat"

Robin
    $600 5
life vest

Travis
    $800 19
Wellington, New Zealand

Travis
    $500 24
(Katie: What is Scarlett?)
...
(Alex: Not quite, and a minute to go now.)

The Scarlett Letter

Katie
    $800 11
ear, nose & throat

Robin
    $800 17
Andrew Jackson

Travis
    $800 6
a diet

Katie
    $1000 20
Warsaw

Robin
    $1000 25
(Katie: What is The Journal of the American...no, that's not it!)

New England Journal of Medicine

KatieRobin
    $1000 12
neonatologist

Katie
    $1000 21
(Katie: Who is Marlowe?)
(Travis: Who is Moore?)

Sir Thomas Malory

TravisKatie
Triple Stumper
    $1000 7
unleaded

Katie

Scores at the first commercial break (after clue 15):

Travis Katie Robin
$2,200 $3,200 $1,000

Scores at the end of the Jeopardy! Round:

Travis Katie Robin
$3,000 $1,700 $3,600

Double Jeopardy! Round responses

AFRICAN-AMERICAN FIRSTS
SONGS FROM DISNEY FILMS
(Alex: You have to name the film, of course!)
FASHION DESIGNERS
WELL SAID
ANCIENT GREEK SALAD
PASS THE "P"s, PLEASE
    $400 7
Halle Berry

Katie
    $400 1
Snow White and the Seven Dwarfs

Robin
    $400 22
Yves Saint Laurent (YSL)

Katie
    $400 6
death and taxes

Travis
    $400 19
the Earth

Robin
    $400 14
patent

Katie
    $800 9
West Point (U.S. Military Academy)

Travis
    $800 2
Aladdin

Travis
    $800 23
Giorgio Armani

Travis
    $800 8
Luciano Pavarotti

Travis
    $800 25
(Alex: Minute to go.)

olive oil

Travis
    $800 15
Procter & Gamble

Travis
    $1200 10
Georgetown

Travis
    $1200 3
Dumbo

Travis
    $1200 24
Bill Blass

Travis
    $1200 13
(Travis: What is a slave owner?)

master

Travis
Triple Stumper
    $1200 26
drachma

Robin
    $1200 16
pulsars

Katie
    $1600 11
Bernard Shaw

Travis
    $1600 4
Toy Story

Katie
    $1600 27
Rudi Gernreich

Triple Stumper
    $1600 20
friend

Triple Stumper
    $2,000 28
(Robin: What is the Acropolis?)
(Alex: Oh, no. The Acropolis is the hill on which [*] sits.)

the Parthenon

Robin
    $1600 17
prickly pear

Travis
    $800 12
Poet Laureate of the United States

Travis
    $2000 5
The Parent Trap

Katie
    $2000 30
Valentino

Triple Stumper
    $2000 21
hit often

Triple Stumper
    $2000 29
Aristophanes

Triple Stumper
    $2000 18
(Katie: Who is Patton?)

William Prescott or Israel Putnam

Katie
Triple Stumper

Scores at the end of the Double Jeopardy! Round:

Travis Katie Robin
$14,600 $5,700 $3,600
(lock game)

[wagering suggestions for these scores]

Final Jeopardy! Round responses

TOP ATHLETES
RobinWho is Billie Jean King?
$2,400
KatieWho is Marion Jones?
$2,000
TravisWho is Navratilova?
$2,600
Babe Didrikson Zaharias

Final scores:

Travis Katie Robin
$12,000 $3,700 $1,200
3-day champion: $36,800 2nd place: $2,000 3rd place: $1,000

Game dynamics:

Coryat scores:

Travis Katie Robin
$15,800 $6,200 $5,600
22 R
(including 1 DD),
2 W
14 R,
6 W
(including 1 DD)
9 R,
2 W
(including 1 DD)

Combined Coryat: $27,600

[game clues] [game scores] [suggest correction]

Game tape date: 2002-10-30
The J! Archive is created by fans, for fans. Scraping, republication, monetization, and malicious use prohibited; this site may use cookies and collect identifying information. See terms. The Jeopardy! game show and all elements thereof, including but not limited to copyright and trademark thereto, are the property of Jeopardy Productions, Inc. and are protected under law. This website is not affiliated with, sponsored by, or operated by Jeopardy Productions, Inc. Join the discussion at JBoard.tv.